Дело по жалобе настоятельницы Слуцкого девичьего монастыря Дарьи Михайловской на директора Слуцкой гимназии Андриевского

Доступно только в Электронных читальных залах Найти на картеНа карте
RUSMARC
00003784nmc2a22002533x 450
001b04d1c4b-756f-4a78-a01b-c64d2dd933d5
00520250621103221.0
100##$a20241203l18381838k l0rusy0189 ca
1010#$arus
$apol
102##$aRU
105##$aa###
1222#$ad
2001#$aДело по жалобе настоятельницы Слуцкого девичьего монастыря Дарьи Михайловской на директора Слуцкой гимназии Андриевского
$j20 апреля - 12 июля 1838 г.
215##$a25 л.
$cил.
$d36,5х26 см
251##$cДело
300##$aНа обложке указано: "№1076"
300##$aНа русском и польском языках
371##$aДокумент не является опубликованным и широко распространяемым
461#0$10012b5b8419-5ce4-4d16-a7a3-85720a295f1f
$12001
$aКанцелярия министра народного просвещения
$1251
$cФонд
$1852
$j735
462#0$1001562cc287-b13c-4f02-8029-f81535ba1e2e
$12001
$aКанцелярия министра народного просвещения
$1251
$cОпись
$1852
$j2
801#0$aRU
$bРГИА
$c20241203
$gRCR
801#1$aRU
$bГлавНИВЦ
$c20241203
$2rusmarc
801#2$aRU
$bПБ им. Б.Н. Ельцина
$c20250621
$gRCR
$2rusmarc
850##$aРГИА
852##$aРГИА
$eФедеральное казенное учреждение "Российский государственный исторический архив" (РГИА)
$j26
937##$hРГИА
$d12420703
$aASBIBLIO_SCAN
035##$aRusGRCC00083048
856##$uhttp://readingroom.main.prlib.ru/item.aspx?id_node=n196837556&mode=full
Формат отображения